Community oriented prevention of AIDS and addiction : experiences in Europe /

Guardado en:
Detalles Bibliográficos
Autor Corporativo: Berlin AIDS-Zentrum im Bundesgesundheitsamt (Autor)
Otros Autores: Heckmann, Wolfgang, Reiter, Sabine
Formato: Libro
Lenguaje:alemán
Publicado: Berlin : AIDS-Zentrum, 1991
Colección:AZ-Hefte ; 6
Etiquetas: Agregar Etiqueta
Sin Etiquetas, Sea el primero en etiquetar este registro!

MARC

LEADER 00000nam a22000007i 4500
001 IT\ICCU\UBO\3567380
003 ItRI
005 20260115231842.0
008 090204s1991 gw |||||| ||||| |||||c
020 |a 3892541116 
040 |b ita  |c importazione bologna sebina 
041 7 |a ger  |2 ISO-639-2 
110 2 |a Berlin AIDS-Zentrum im Bundesgesundheitsamt  |0 IT\ICCU\UBOV\304508  |4 aut 
245 0 0 |a Community oriented prevention of AIDS and addiction :  |b experiences in Europe /  |c AIDS-Zentrum im Bundesgesundheitsamt Berlin ; Wolfgang Heckmann; Sabine Reiter. 
260 |a Berlin :  |b AIDS-Zentrum,  |c 1991 
300 |a 115 p. :  |b ill. ;  |c 30 cm. 
500 |a 1991  |9 IT\ICCU\UBO\3567405 
700 1 |a Heckmann, Wolfgang  |0 IT\ICCU\UMCV\025374 
700 1 |a Reiter, Sabine  |0 IT\ICCU\UBOV\304510 
830 0 |a AZ-Hefte ;  |v 6  |0 IT\ICCU\UBO\3567405 
942 |2 ddc  |c BK  |n 0 
952 |0 0  |1 0  |4 0  |6 A_616_979000000000000_AID  |7 0  |9 14289  |a BO  |b BO  |d 2026-01-15  |i 3102  |l 0  |o A 616.979 AID  |p BO3102  |r 2026-01-15 23:18:42  |w 2026-01-15  |x [Sebina 7] [1 v.]  |y BK  |z 1 v. 
999 |c 12327  |d 12327